[Event "exe Slovakia Open 2025"]
[Site "Bratislava SVK"]
[Date "2025.09.19"]
[Round "7.66"]
[White "Rexova, Kristina"]
[Black "Malanik, Jakub"]
[Result "0-1"]
[WhiteElo "1559"]
[BlackElo "1500"]
[WhiteFideId "14987449"]
[BlackFideId "14994240"]
[EventDate "2025.09.13"]

1. Nf3 d5 2. d4 Bf5 3. Bf4 e6 4. e3 Ne7 5. Bd3 Nd7 6. O-O c5 7. c3 Bxd3 8. Qxd3
c4 9. Qc2 Ng6 10. Bg3 Nf6 11. Nbd2 h5 12. h3 Bd6 13. Ne5 Bxe5 14. dxe5 Nd7 15.
f4 Ne7 16. Nf3 Nf5 17. Qf2 Nc5 18. Bh4 Qb6 19. Qe2 Ne4 20. Rfd1 Nxe3 0-1

[Event "exe Slovakia Open 2025"]
[Site "Bratislava SVK"]
[Date "2025.09.20"]
[Round "8.1"]
[White "Zielonka, Adam"]
[Black "Shohat, Yotam"]
[Result "1/2-1/2"]
[WhiteTitle "FM"]
[BlackTitle "IM"]
[WhiteElo "2351"]
[BlackElo "2382"]
[WhiteFideId "21002096"]
[BlackFideId "2813955"]
[EventDate "2025.09.13"]

1. e4 c5 2. Nf3 d6 3. d4 cxd4 4. Nxd4 Nf6 5. Nc3 e6 6. Be2 Nbd7 7. g4 h6 8. f4
g6 9. f5 Ne5 10. fxe6 fxe6 11. h3 Be7 12. Bd2 1/2-1/2

[Event "exe Slovakia Open 2025"]
[Site "Bratislava SVK"]
[Date "2025.09.20"]
[Round "8.3"]
[White "Koepke, Christian"]
[Black "Hrbek, Stepan"]
[Result "1/2-1/2"]
[WhiteTitle "IM"]
[BlackTitle "IM"]
[WhiteElo "2331"]
[BlackElo "2446"]
[WhiteFideId "4655737"]
[BlackFideId "393479"]
[EventDate "2025.09.13"]

1. e4 c5 2. c3 d5 3. exd5 Nf6 4. Bb5+ Nbd7 5. d4 a6 6. Be2 Nxd5 7. Nf3 e6 8. c4
N5f6 9. O-O Qc7 10. Nc3 Bd6 11. dxc5 Bxc5 12. Rb1 O-O 13. b4 Be7 14. a3 b6 15.
Qd4 e5 16. Qe3 Bb7 17. Nh4 Rfe8 18. Nf5 Bf8 19. Qg5 Ne4 20. Nh6+ Kh8 21. Nxf7+
Kg8 22. Nh6+ Kh8 23. Nf7+ Kg8 24. Nh6+ Kh8 1/2-1/2

[Event "exe Slovakia Open 2025"]
[Site "Bratislava SVK"]
[Date "2025.09.20"]
[Round "8.4"]
[White "Sahidi, Samir"]
[Black "Yaniv, Yuval"]
[Result "1/2-1/2"]
[WhiteTitle "IM"]
[BlackTitle "IM"]
[WhiteElo "2469"]
[BlackElo "2410"]
[WhiteFideId "14936372"]
[BlackFideId "2823900"]
[EventDate "2025.09.13"]

1. e4 c5 2. Nf3 e6 3. c4 Nc6 4. d4 cxd4 5. Nxd4 Nf6 6. Nc3 Bc5 7. Nxc6 dxc6 8.
e5 Qxd1+ 9. Nxd1 Nd7 10. f4 f6 11. exf6 gxf6 12. Be2 e5 13. Nc3 Bd4 14. Rf1 Nc5
15. fxe5 fxe5 16. Bg5 Be6 17. O-O-O Rg8 18. h4 a5 19. Bh5+ Kd7 20. Ne2 Bxc4 21.
Nxd4 Bxf1 22. Ne2+ Kc7 23. Rxf1 Raf8 24. Rxf8 Rxf8 25. Kc2 Ne4 26. Bh6 Rf2 27.
Be3 Rxg2 28. Bf3 Rh2 29. Bxe4 Rxe2+ 30. Kd3 Rh2 31. Bg5 h6 32. Bxh6 Rxh4 33. Bg7
Kd6 34. Bf8+ Ke6 35. Bc5 Kd7 36. Bb6 a4 37. a3 Rh3+ 38. Be3 Kd6 39. Bf5 Rh2 40.
Bd2 b5 41. Bc3 Rh5 42. Be4 Rh3+ 43. Kd2 c5 44. Bd3 Rh2+ 45. Ke3 Rh3+ 46. Kd2
Rh2+ 1/2-1/2

[Event "exe Slovakia Open 2025"]
[Site "Bratislava SVK"]
[Date "2025.09.20"]
[Round "8.5"]
[White "Pechac, Jergus"]
[Black "Stevik, Patrik"]
[Result "1-0"]
[WhiteTitle "GM"]
[BlackTitle "FM"]
[WhiteElo "2544"]
[BlackElo "2314"]
[WhiteFideId "14926970"]
[BlackFideId "14944812"]
[EventDate "2025.09.13"]

1. d4 Nf6 2. Nf3 e6 3. Bf4 b6 4. e3 Bb7 5. Be2 Be7 6. h3 O-O 7. O-O d5 8. Nbd2
Nbd7 9. c3 h6 10. a4 c5 11. a5 c4 12. a6 Bc6 13. Qc2 b5 14. Ne5 Nxe5 15. Bxe5
Bd6 16. f4 Ne8 17. e4 dxe4 18. Nxe4 Bxe4 19. Qxe4 Rb8 20. b3 Nf6 21. Bxf6 Qxf6
22. bxc4 bxc4 23. Ra4 Rb6 24. g3 h5 25. Rxc4 Rxa6 26. Rc6 Rxc6 27. Qxc6 Rd8 28.
Bxh5 Qf5 29. Bg4 Qd3 30. Kg2 g6 31. Rf3 Qb1 32. Rf1 Qd3 33. Rf3 Qb1 34. Rf1 Qd3
35. Bf3 Bf8 36. Qc7 Rd6 37. Rf2 Rb6 38. Qxa7 Rb3 39. d5 exd5 40. Qa5 Rxc3 41.
Qxd5 Qxd5 42. Bxd5 Bc5 43. Rb2 Re3 44. h4 Kg7 45. Bf3 Bd4 46. Rb7 Bf6 47. Bd5
Re7 48. Rb3 Rd7 49. Rb5 Re7 50. Kf3 Rc7 51. Kg4 Re7 52. Bf3 Re3 53. Rb7 Re7 54.
Rb3 Rc7 55. Ra3 Kh6 56. Ra5 Re7 57. h5 Kg7 58. Bd5 Re3 59. Ra7 Re7 60. Ra5 Re3
61. Ra7 Re7 62. Ra6 Bd4 63. hxg6 fxg6 64. Kg5 Kh7 65. Bc4 Bf2 66. g4 Bd4 1-0

[Event "exe Slovakia Open 2025"]
[Site "Bratislava SVK"]
[Date "2025.09.20"]
[Round "8.6"]
[White "Pavlovic, Milos"]
[Black "Holly, Andrej"]
[Result "1-0"]
[WhiteTitle "GM"]
[WhiteElo "2409"]
[BlackElo "2199"]
[WhiteFideId "900389"]
[BlackFideId "14947781"]
[EventDate "2025.09.13"]

1. d4 Nf6 2. Nf3 g6 3. g3 Bg7 4. Bg2 O-O 5. O-O d5 6. c4 c6 7. Qb3 dxc4 8. Qxc4
Be6 9. Qa4 Bd5 10. Nc3 Ne4 11. Qc2 Nxc3 12. bxc3 Bc4 13. Rd1 Nd7 14. a4 Qa5 15.
Ba3 Rfe8 16. e3 Rad8 17. Nd2 Be2 18. Rdb1 Qa6 19. Qb2 Rb8 20. a5 Bd3 21. Rd1 c5
22. Nb3 cxd4 23. cxd4 e5 24. Nc5 Nxc5 25. Bxc5 exd4 26. Bxd4 Bxd4 27. Qxd4 Rbd8
28. Qc3 Bf5 29. h4 h5 30. Rac1 Rxd1+ 31. Rxd1 Rc8 32. Qe5 b5 33. Rd6 Qxa5 34.
Bd5 Rf8 35. Kg2 Qe1 36. Rf6 Kh7 37. Qe7 Qd2 38. Rxf7+ 1-0

[Event "exe Slovakia Open 2025"]
[Site "Bratislava SVK"]
[Date "2025.09.20"]
[Round "8.8"]
[White "Jablonicky, Martin"]
[Black "Brnusak, Tomas"]
[Result "1/2-1/2"]
[WhiteTitle "IM"]
[WhiteElo "2363"]
[BlackElo "2245"]
[WhiteFideId "14925621"]
[BlackFideId "14939878"]
[EventDate "2025.09.13"]

1. d4 f5 2. g3 Nf6 3. Bg2 g6 4. Nf3 Bg7 5. O-O O-O 6. c4 d6 7. Nc3 Qe8 8. b3 e5
9. dxe5 dxe5 10. e4 Nc6 11. Ba3 Rf7 12. Re1 f4 1/2-1/2

[Event "exe Slovakia Open 2025"]
[Site "Bratislava SVK"]
[Date "2025.09.20"]
[Round "8.10"]
[White "Sydoryka, Vladyslav"]
[Black "Nawalaniec, Adam"]
[Result "1-0"]
[WhiteTitle "FM"]
[BlackTitle "FM"]
[WhiteElo "2246"]
[BlackElo "2302"]
[WhiteFideId "14145928"]
[BlackFideId "21023786"]
[EventDate "2025.09.13"]

1. c4 e6 2. g3 d5 3. Bg2 Nf6 4. Nf3 Be7 5. O-O O-O 6. d3 c5 7. Ne5 Nbd7 8. Nxd7
Bxd7 9. e4 dxe4 10. dxe4 Bc6 11. Nc3 Qc7 12. Bf4 e5 13. Be3 Rad8 14. Qe2 b6 15.
Rfe1 Ne8 16. b3 g6 17. Bh6 Ng7 18. Nd5 Bxd5 19. cxd5 Bd6 20. a4 a5 21. f4 f6 22.
f5 gxf5 23. Bxg7 Kxg7 24. exf5 Kh8 25. Rac1 Rg8 26. Rc4 Rg7 27. Rg4 Rdg8 28.
Rxg7 Rxg7 29. Qb5 Qd8 30. Re4 Bc7 31. Rh4 Qd7 32. Qd3 Bd6 33. Be4 Rg8 34. Qf3 c4
35. bxc4 Bc5+ 36. Kg2 Qxa4 37. Rxh7+ Kxh7 38. Qh5+ Kg7 39. Qg6+ Kf8 40. Qxf6+
Ke8 41. d6 Qd7 42. Bf3 Qf7 43. d7+ Qxd7 44. Bh5+ 1-0

[Event "exe Slovakia Open 2025"]
[Site "Bratislava SVK"]
[Date "2025.09.20"]
[Round "8.21"]
[White "Vasynda, Oleksandr"]
[Black "Smetana, Peter"]
[Result "1-0"]
[WhiteTitle "FM"]
[WhiteElo "2209"]
[BlackElo "1956"]
[WhiteFideId "14176297"]
[BlackFideId "14961946"]
[EventDate "2025.09.13"]

1. d4 Nf6 2. Nf3 g6 3. c4 Bg7 4. g3 O-O 5. d5 d6 6. Bg2 c5 7. Nc3 e6 8. dxe6
Bxe6 9. Ng5 Bxc4 10. Bxb7 Nbd7 11. Qxd6 1-0

[Event "exe Slovakia Open 2025"]
[Site "Bratislava SVK"]
[Date "2025.09.20"]
[Round "8.22"]
[White "Kapinaj, Matus"]
[Black "Selbes, Tamer Tarik"]
[Result "0-1"]
[BlackTitle "FM"]
[WhiteElo "2023"]
[BlackElo "2209"]
[WhiteFideId "14980703"]
[BlackFideId "6302513"]
[EventDate "2025.09.13"]

1. e4 g6 2. d4 Bg7 3. Nc3 d6 4. Be3 a6 5. Qd2 b5 6. a4 b4 7. Nd5 a5 8. f3 c6 9.
Nf4 Ba6 10. Bxa6 Nxa6 0-1

[Event "exe Slovakia Open 2025"]
[Site "Bratislava SVK"]
[Date "2025.09.20"]
[Round "8.41"]
[White "Gouterney, Anton"]
[Black "Osvald, David"]
[Result "1/2-1/2"]
[WhiteElo "2000"]
[BlackElo "1815"]
[WhiteFideId "34675418"]
[BlackFideId "14974398"]
[EventDate "2025.09.13"]

1. e4 c6 2. d4 d5 3. e5 Bf5 4. h4 h5 5. Bg5 Qb6 6. Bd3 Qxd4 7. Nf3 Qg4 8. Bxf5
Qxf5 9. O-O e6 10. c4 Be7 11. Qb3 Nd7 12. Qxb7 Rb8 13. Qxc6 Bxg5 14. Nxg5 Ne7
15. Qa4 Qf4 16. Qxa7 Qxh4 17. Nf3 Qxc4 18. Nbd2 Qc5 19. Qa4 Rb4 20. Qd1 O-O 21.
b3 Ng6 22. Re1 f6 23. Ne4 Qa7 24. Nc3 fxe5 25. Nxd5 exd5 26. Qxd5+ Kh8 27. Rad1
Nf6 28. Qd2 Rf4 29. Nxe5 Nxe5 30. Qxf4 Nfd7 31. Qg3 Qxa2 32. Rd5 Rf5 33. Red1
Qa7 34. b4 Qb7 35. R5d4 Nf6 36. Re1 Neg4 37. Rf4 Rb5 38. Qc3 Qb8 39. Qg3 Qd8 40.
Kh1 Qd2 41. Ra1 Re5 42. f3 Nf2+ 43. Kh2 Re1 44. Rxe1 Qxe1 45. Qg5 Qh1+ 46. Kg3
Qe1 1/2-1/2

[Event "exe Slovakia Open 2025"]
[Site "Bratislava SVK"]
[Date "2025.09.20"]
[Round "8.42"]
[White "Krivosik, Matus"]
[Black "Kolman, Richard"]
[Result "1-0"]
[WhiteElo "1838"]
[BlackElo "1982"]
[WhiteFideId "73619671"]
[BlackFideId "14904993"]
[EventDate "2025.09.13"]

1. d4 d5 2. Nf3 Nf6 3. g3 c5 4. c3 Nc6 5. Bg2 e6 6. O-O Be7 7. dxc5 Bxc5 8. b4
Bd6 9. b5 Na5 10. Ba3 O-O 11. Bxd6 Qxd6 12. Qa4 b6 13. Rd1 Bb7 14. Na3 Qc5 15.
Ne5 Rfc8 16. Nd3 1-0

[Event "exe Slovakia Open 2025"]
[Site "Bratislava SVK"]
[Date "2025.09.20"]
[Round "8.43"]
[White "Munk, Lubomir"]
[Black "Eichler, Alexander"]
[Result "1/2-1/2"]
[WhiteElo "1769"]
[BlackElo "1976"]
[WhiteFideId "14903806"]
[BlackFideId "12935921"]
[EventDate "2025.09.13"]

1. c4 e5 2. Nc3 Nf6 3. g3 Bc5 4. Bg2 Nc6 5. a3 d6 6. b4 Bb6 7. h3 O-O 8. d3 h6
9. Nf3 a5 10. b5 Nd4 11. e3 Nf5 12. Bb2 Be6 13. e4 Nd4 14. Nd5 Nxf3+ 15. Qxf3
Nxd5 16. cxd5 Bd7 17. a4 f5 18. O-O f4 19. Rad1 Qg5 20. d4 Rae8 21. Kh2 Rf6 22.
Rg1 Ref8 23. g4 h5 24. gxh5 Rh6 25. Bf1 Qxh5 26. Qxh5 Rxh5 27. Rd3 exd4 28. Bxd4
Bxd4 29. Rxd4 Rf6 30. Rc4 c6 1/2-1/2

[Event "exe Slovakia Open 2025"]
[Site "Bratislava SVK"]
[Date "2025.09.20"]
[Round "8.44"]
[White "Matejka, Simon"]
[Black "Malaschitz, Teodor"]
[Result "1/2-1/2"]
[WhiteElo "1950"]
[BlackElo "1899"]
[WhiteFideId "14974541"]
[BlackFideId "73621153"]
[EventDate "2025.09.13"]

1. d4 d5 2. Nf3 Nf6 3. g3 b6 4. Bg2 Bb7 5. O-O e6 6. b3 Bd6 7. Bb2 O-O 8. Nbd2
Nbd7 9. Re1 c5 10. e3 b5 11. c3 a5 12. a4 bxa4 13. Rxa4 Bc6 14. Ra1 Qb6 15. h4
Rfb8 16. Ba3 Bf8 17. Ng5 cxd4 18. exd4 h6 19. Ngf3 Qb7 20. Bxf8 Kxf8 21. Ne5
Nxe5 22. Rxe5 Ne4 23. Bxe4 dxe4 24. Rexa5 Rxa5 25. Rxa5 e3 26. fxe3 Qc7 27. Qh5
Qxg3+ 28. Kf1 Qxe3 29. Qc5+ Kg8 30. Qxc6 Qxd2 31. b4 Qd1+ 32. Kf2 Qd2+ 33. Kf1 1/2-1/2

[Event "exe Slovakia Open 2025"]
[Site "Bratislava SVK"]
[Date "2025.09.20"]
[Round "8.45"]
[White "Kebbedies, Frank"]
[Black "Skrinar, Marek"]
[Result "0-1"]
[WhiteElo "1823"]
[BlackElo "1956"]
[WhiteFideId "24606944"]
[BlackFideId "14940710"]
[EventDate "2025.09.13"]

1. d4 Nf6 2. c4 e6 3. Nc3 Bb4 4. f3 d5 5. a3 Bxc3+ 6. bxc3 c5 7. cxd5 exd5 8. e3
O-O 9. Bd3 Nc6 10. Ne2 Re8 11. O-O Bd7 12. Ng3 Qc7 13. Ra2 h5 14. Re1 Qa5 15.
Bd2 Qb6 16. Qb1 Qc7 17. Ne2 b6 18. e4 dxe4 19. fxe4 cxd4 20. Bf4 Qd8 21. cxd4
Bg4 22. d5 Ne5 23. Bb5 Bd7 24. Bxd7 Nfxd7 25. Nd4 Qh4 26. Rf1 g6 27. Nb5 Rec8
28. Rc2 Rc5 29. Rxc5 bxc5 30. Nc7 Rb8 31. Qc2 Qf6 32. Qa4 Qb6 33. Na6 c4+ 34.
Kh1 Qb5 35. Qxb5 Rxb5 36. Nb4 Nd3 37. Nxd3 cxd3 38. Kg1 Rb2 39. Rd1 Nc5 40. e5
Ne4 41. g3 Rb3 42. Kg2 d2 43. e6 fxe6 44. dxe6 Kf8 45. a4 Ke7 46. Be5 Kxe6 47.
Bh8 Kd5 48. Kf1 Kc4 49. Ke2 Ra3 50. a5 Rxa5 51. Ke3 Kd5 52. Rb1 Rc5 53. Ke2 Rc1 0-1

[Event "exe Slovakia Open 2025"]
[Site "Bratislava SVK"]
[Date "2025.09.20"]
[Round "8.46"]
[White "Macakova, Bianka"]
[Black "Sipka, Mladen"]
[Result "1/2-1/2"]
[WhiteElo "1637"]
[BlackElo "1954"]
[WhiteFideId "14982846"]
[BlackFideId "911976"]
[EventDate "2025.09.13"]

1. e4 c6 2. c4 d6 3. d4 Nd7 4. Nc3 h6 5. Be3 g5 6. Bd3 Bg7 7. Qd2 Ngf6 8. f3 Nf8
9. Nge2 Ne6 10. Ng3 Rg8 11. Nf5 Bf8 12. O-O-O a5 13. Bc2 Nc7 14. e5 dxe5 15. Qf2
Be6 16. dxe5 Nd7 17. g4 Qc8 18. Ne4 Nxe5 19. Nfd6+ exd6 20. Nf6+ Kd8 21. Nxg8
Bxc4 22. Bc5 Bd5 23. Bf5 Ne6 24. Bb6+ Ke8 25. Nf6+ Ke7 26. Nxd5+ cxd5+ 27. Kb1
Ra6 28. Rc1 Nc6 29. h4 Bg7 30. hxg5 hxg5 31. f4 gxf4 32. Bxe6 Qxe6 33. Rhe1 Be5
34. Qh4+ Qf6 35. Qxf6+ Kxf6 36. Bf2 Kg5 37. Rg1 Ra8 38. Rc2 Rh8 1/2-1/2

[Event "exe Slovakia Open 2025"]
[Site "Bratislava SVK"]
[Date "2025.09.20"]
[Round "8.47"]
[White "Kudela, Oliver"]
[Black "Albu, Vlad"]
[Result "0-1"]
[WhiteElo "1894"]
[BlackElo "1815"]
[WhiteFideId "14971755"]
[BlackFideId "13909622"]
[EventDate "2025.09.13"]

1. e4 c5 2. Nf3 d6 3. d4 cxd4 4. Nxd4 Nf6 5. Nc3 a6 6. a4 e5 7. Nf3 Be7 8. Bg5
Be6 9. Bxf6 Bxf6 10. Nd5 Bxd5 11. Qxd5 Nc6 12. Bc4 O-O 13. c3 Qc7 14. O-O Rad8
15. Ba2 Ne7 16. Qd3 g6 17. Rfd1 Bg7 18. Nd2 Kh8 19. Nc4 d5 20. exd5 Nxd5 21.
Nxe5 Bxe5 22. Bxd5 Bxh2+ 23. Kh1 Be5 24. Qf3 b6 25. Rd3 Qe7 26. g3 Qc5 27. Rad1
f5 28. Bb7 Rxd3 29. Rxd3 Qe7 30. Bxa6 h5 31. Qc6 Qg5 32. f4 Qf6 33. fxe5 Qxc6+ 0-1

[Event "exe Slovakia Open 2025"]
[Site "Bratislava SVK"]
[Date "2025.09.20"]
[Round "8.48"]
[White "Livnansky, Michal"]
[Black "Srnak, Martin"]
[Result "1-0"]
[WhiteElo "1912"]
[BlackElo "1671"]
[WhiteFideId "73622885"]
[BlackFideId "14973308"]
[EventDate "2025.09.13"]

1. c4 c6 2. e4 d5 3. cxd5 cxd5 4. exd5 Nf6 5. Bb5+ Nbd7 6. Nc3 g6 7. Nf3 Bg7 8.
O-O O-O 9. Qb3 Nb6 10. Bc4 a5 11. d3 a4 12. Qb5 Nbxd5 13. Nxd5 Ra5 14. Nxf6+
Bxf6 15. Qb4 1-0

[Event "exe Slovakia Open 2025"]
[Site "Bratislava SVK"]
[Date "2025.09.20"]
[Round "8.49"]
[White "Reichel, Lukasz"]
[Black "Zhanybekov, Alisher"]
[Result "1-0"]
[WhiteElo "1905"]
[BlackElo "1630"]
[WhiteFideId "1135961"]
[BlackFideId "447013397"]
[EventDate "2025.09.13"]

1. d4 f5 2. Nf3 Nf6 3. c4 g6 4. h3 d6 5. Bf4 c6 6. a3 Bg7 7. Nc3 O-O 8. e3 Qe8
9. d5 Nh5 10. Bh2 Bxc3+ 11. bxc3 c5 12. Be2 Nf6 13. O-O Nbd7 14. Qc2 Nb6 15. a4
a5 16. Rfb1 Ra6 17. Rb2 Bd7 18. Rba2 h6 19. Bd3 Qf7 20. Nd2 Kg7 21. Kh1 e5 22.
dxe6 Qxe6 23. Re1 g5 24. Raa1 Nh5 25. Qd1 Nf6 26. Bc2 Bc6 27. f3 Nbd7 28. Qe2
Raa8 29. Qd3 Ne8 30. g4 Ne5 31. Bxe5+ Qxe5 32. Rg1 d5 33. cxd5 Bxd5 34. gxf5 Nf6
35. e4 Rad8 36. Nc4 Bxc4 37. Qxc4 Rd2 38. Rg2 Rfd8 39. Rag1 Nh5 40. Bb3 Rxg2 41.
Qf7+ Kh8 42. Rxg2 Ng3+ 43. Rxg3 c4 44. f6 1-0

[Event "exe Slovakia Open 2025"]
[Site "Bratislava SVK"]
[Date "2025.09.20"]
[Round "8.50"]
[White "Vinarcik, Jan"]
[Black "Sichnenko, Grigorij"]
[Result "0-1"]
[WhiteElo "1800"]
[BlackElo "2047"]
[WhiteFideId "14901030"]
[BlackFideId "14972557"]
[EventDate "2025.09.13"]

1. e4 c5 2. Nc3 Nc6 3. g3 g6 4. Bg2 Bg7 5. d3 d6 6. Nge2 Rb8 7. Be3 b5 8. Qd2 b4
9. Nd1 a5 10. O-O a4 11. Rb1 Ba6 12. f4 Nf6 13. h3 Qb6 14. Kh2 O-O 15. g4 Nd7
16. f5 Nd4 17. b3 a3 18. Kh1 Ne5 19. Nf4 Qd8 20. Nd5 Nxc2 21. Qxc2 Bxd3 22. Qc1
Bxf1 23. Bxf1 e6 24. f6 Bxf6 25. Nxf6+ Qxf6 26. Bg5 Qxf1+ 0-1

[Event "exe Slovakia Open 2025"]
[Site "Bratislava SVK"]
[Date "2025.09.20"]
[Round "8.51"]
[White "Bednar, Daniel"]
[Black "Haasova, Timea"]
[Result "1-0"]
[WhiteElo "1764"]
[BlackElo "2002"]
[WhiteFideId "14989620"]
[BlackFideId "14960109"]
[EventDate "2025.09.13"]

1. e4 c5 2. Nc3 Nc6 3. g3 g6 4. Bg2 Bg7 5. d3 d6 6. Be3 Nd4 7. Qd2 Qa5 8. h3 e6
9. Nf3 Ne7 10. O-O b5 11. Ne1 b4 12. Nd1 Bb7 13. Bh6 Bxh6 14. Qxh6 b3 15. c3
Qxa2 16. Rxa2 bxa2 17. cxd4 a1=Q 18. Ne3 Qxb2 19. dxc5 dxc5 20. Nc4 Qd4 21. Nf3
Qxd3 22. Nce5 Qd6 23. Qg7 Rf8 24. Ng5 O-O-O 25. Ngxf7 Qd4 26. Nxd8 Rxd8 27. Qxe7
Qxe5 28. Rc1 Qd6 29. Qxh7 e5 30. Rb1 Rd7 31. Qg8+ Kc7 32. Qc4 Ba6 33. Qa4 Qc6
34. Qa1 Rd4 35. Qa5+ Kd7 36. Ra1 Bb7 37. Qxa7 c4 38. Rb1 Kc8 39. h4 Rxe4 40.
Bxe4 Qxe4 41. Qc5+ Kd7 42. Rd1+ Ke8 43. Qb5+ Bc6 44. Qb8+ Kf7 45. Qc7+ Kf6 46.
Rd6+ Kf5 47. Qc8+ 1-0

[Event "exe Slovakia Open 2025"]
[Site "Bratislava SVK"]
[Date "2025.09.20"]
[Round "8.52"]
[White "Havalda, Samuel"]
[Black "Orlov, Konstantin"]
[Result "0-1"]
[WhiteElo "1963"]
[BlackElo "1785"]
[WhiteFideId "14955490"]
[BlackFideId "1681575"]
[EventDate "2025.09.13"]

1. e4 c6 2. d4 d5 3. Nc3 dxe4 4. Nxe4 Nf6 5. Nxf6+ exf6 6. c3 Bd6 7. Bd3 O-O 8.
Qc2 h5 9. Be3 Re8 10. O-O-O Qa5 11. Kb1 Be6 12. c4 Na6 13. Qb3 b5 14. d5 bxc4
15. Bxc4 cxd5 16. Bxd5 Rab8 17. Qc4 Rec8 18. Qe4 Rxb2+ 19. Kxb2 Qa3+ 20. Ka1
Be5+ 21. Qxe5 fxe5 22. Bxe6 fxe6 23. Ne2 Rc2 24. Rd8+ Kh7 0-1

[Event "exe Slovakia Open 2025"]
[Site "Bratislava SVK"]
[Date "2025.09.20"]
[Round "8.54"]
[White "Prochazka, Michal"]
[Black "Mandak, Miroslav"]
[Result "1/2-1/2"]
[WhiteElo "1764"]
[BlackElo "1947"]
[WhiteFideId "14975777"]
[BlackFideId "14902990"]
[EventDate "2025.09.13"]

1. e4 e5 2. Nf3 Nc6 3. Bb5 a6 4. Ba4 Nf6 5. O-O Be7 6. Re1 b5 7. Bb3 d6 8. c3
O-O 9. h3 Na5 10. Bc2 c5 11. d4 Qc7 12. Nbd2 Nc6 13. d5 Nb8 14. Nf1 Ne8 15. Ng3
g6 16. Bh6 Ng7 17. Qd2 Nd7 18. Nh2 f6 19. Ng4 Rf7 20. f4 exf4 21. Bxf4 Rf8 22.
Rf1 Bb7 23. Rae1 Rae8 24. h4 Bd8 25. h5 Nxh5 26. Nxh5 gxh5 27. Nh6+ Kh8 28. Bd1
Ne5 29. Nf5 Be7 30. Bxh5 Ra8 31. Bxe5 fxe5 32. Nh6 Bf6 33. Nf7+ Rxf7 34. Bxf7
Qxf7 35. Qf2 Rf8 36. Re3 Qe7 37. Rf3 Kg7 38. Rg3+ Kh8 39. Rf3 Kg7 40. Qg3+ Kh8
41. Qf2 1/2-1/2

[Event "exe Slovakia Open 2025"]
[Site "Bratislava SVK"]
[Date "2025.09.20"]
[Round "8.55"]
[White "Korenova, Simona"]
[Black "Buday, Alexander"]
[Result "1-0"]
[WhiteElo "1905"]
[BlackElo "1595"]
[WhiteFideId "14941813"]
[BlackFideId "14971666"]
[EventDate "2025.09.13"]

1. c4 Nf6 2. d4 g6 3. Nc3 Bg7 4. e4 d6 5. Nf3 O-O 6. Be2 Na6 7. O-O e5 8. Re1
exd4 9. Nxd4 Ng4 10. Bxg4 Bxg4 11. Qxg4 Bxd4 12. Bg5 Qc8 13. Qf3 Qe6 14. Nd5 f6
15. Bh6 Rf7 16. Rad1 c5 17. b3 Nc7 18. Nf4 Qe7 19. Qg4 Re8 20. Re2 a6 21. Kh1 b5
22. f3 Qd7 23. Qxd7 Rxd7 24. h4 Kf7 25. Red2 g5 26. hxg5 Be3 27. Rxd6 1-0

[Event "exe Slovakia Open 2025"]
[Site "Bratislava SVK"]
[Date "2025.09.20"]
[Round "8.56"]
[White "Kucera, Michal"]
[Black "Shravan R"]
[Result "1/2-1/2"]
[WhiteElo "1900"]
[BlackElo "1547"]
[WhiteFideId "14910519"]
[BlackFideId "46624570"]
[EventDate "2025.09.13"]

1. e4 c5 2. Nf3 d6 3. d4 cxd4 4. Nxd4 Nf6 5. Nc3 a6 6. Be3 e5 7. Nb3 Be7 8. f3
Nc6 9. Qd2 b5 10. a4 bxa4 11. Rxa4 O-O 12. Bc4 Bb7 13. O-O Kh8 14. Rfa1 Qc8 15.
Qe2 Nb8 16. Na5 Bd8 17. Nxb7 Qxb7 18. b3 Bb6 19. Bxb6 Qxb6+ 20. Kf1 a5 21. Qd2
Nc6 22. Nd5 Nxd5 23. Bxd5 Rac8 24. c3 Ne7 25. Bc4 f5 26. Be6 Rcd8 27. Qf2 Qc6
28. Qe3 Rf6 29. exf5 Nxf5 30. Bxf5 Rxf5 31. Kg1 d5 32. Rxa5 d4 33. cxd4 exd4 34.
Qxd4 Rff8 35. Qc5 Qe6 36. Qe5 Qxb3 37. Ra7 Rd1+ 38. Rxd1 Qxd1+ 39. Kf2 Qc2+ 40.
Qe2 Qc5+ 41. Qe3 Qc2+ 42. Qe2 1/2-1/2

[Event "exe Slovakia Open 2025"]
[Site "Bratislava SVK"]
[Date "2025.09.20"]
[Round "8.57"]
[White "Chmurny, Richard"]
[Black "Antal, Jozsef"]
[Result "1/2-1/2"]
[WhiteElo "1689"]
[BlackElo "1868"]
[WhiteFideId "14989581"]
[BlackFideId "710270"]
[EventDate "2025.09.13"]

1. d4 d5 2. Bf4 e6 3. e3 Nf6 4. Nd2 Bd6 5. Bg3 b6 6. Bd3 Bb7 7. c3 O-O 8. Qe2
Nbd7 9. e4 dxe4 10. Nxe4 Nxe4 11. Bxe4 Bxe4 12. Qxe4 Nf6 13. Qe2 Bxg3 14. hxg3
Qd5 15. Nf3 Qe4 16. Qxe4 Nxe4 17. O-O c5 18. Rfe1 Nf6 19. dxc5 bxc5 20. c4 Rfd8
21. Rad1 Kf8 22. Ne5 Rac8 23. b3 Ke8 24. f3 Nd7 25. Nxd7 Rxd7 1/2-1/2

[Event "exe Slovakia Open 2025"]
[Site "Bratislava SVK"]
[Date "2025.09.20"]
[Round "8.59"]
[White "Kovacik, Oliver"]
[Black "Benci, Rudolf"]
[Result "1-0"]
[WhiteElo "1880"]
[BlackElo "1787"]
[WhiteFideId "2321963"]
[BlackFideId "14963191"]
[EventDate "2025.09.13"]

1. c4 c6 2. Nc3 Nf6 3. d4 d5 4. cxd5 cxd5 5. Bg5 Nc6 6. e3 a6 7. Bxf6 exf6 8.
Qb3 Bb4 9. Bd3 O-O 10. Ne2 Be6 11. O-O Bxc3 12. bxc3 Rb8 13. Rab1 Na5 14. Qb6
Qxb6 15. Rxb6 Nc4 16. Bxc4 dxc4 17. Rfb1 Bd5 18. Nf4 Be4 19. R1b4 g5 20. Nh5 Bc6
21. Nxf6+ Kg7 22. Nh5+ Kg6 23. Ng3 f6 24. f3 Bb5 25. a4 Bc6 26. e4 Rf7 27. Rxc6 1-0